Statistics for 🎧 Guess the Taylor Swift Song with no Hints - 7

Click here to take the quiz!

General Stats

  • This quiz has been taken 49 times
  • The average score is 102 of 170

Answer Stats

Answer% Correct
a
100%
I
100%
And
96%
the
96%
you
96%
in
91%
to
87%
To
87%
your
85%
of
78%
what
76%
But
74%
just
70%
Just
70%
not
67%
down
65%
out
63%
out"
63%
can't
61%
up
61%
With
61%
did
59%
now
59%
one
59%
think
59%
some
57%
fall
52%
about
50%
he's
50%
speak
50%
things
50%
keep
48%
Keep
48%
she's
48%
dream
46%
epiphany
46%
life
46%
make
46%
Only
46%
sleep
46%
"Doc
43%
hand
43%
twenty
43%
watch
43%
Watch
43%
bleeding
41%
crashing
41%
helmet
41%
minutes
41%
you've
41%
here's
39%
seen
39%
sense
39%
"Sir
39%
through
39%
daughter
37%
mother
37%
plastic
37%
Someone's
37%
someone's
37%
Something
37%
son
37%
breathing
35%
glimpse
35%
school
35%
breathe
33%
relief
33%
serve
33%
single
33%
wound
33%
flesh
30%
med
30%
rifle
30%
beaches
28%
cover
28%
Crawling
28%
Holds
28%

Score Distribution

Percentile by Number Answered

Percent of People with Each Score

Your Score History

You have not taken this quiz